[Event "XXXII Memorial Edoardo Crespi B"]
[Site "Milano ITA"]
[Date "2011.12.09"]
[Round "4"]
[White "Bonassi, Tommaso"]
[Black "Bernago, Federico"]
[Result "1-0"]
[WhiteElo "1843"]
[BlackElo "1946"]
[PlyCount "45"]
[EventDate "2011.12.07"]

1. e4 c5 2. Nf3 e6 3. d4 cxd4 4. Nxd4 a6 5. Bd3 Nf6 6. Nc3 Qc7 7. O-O Nc6 8.
Be3 d5 9. exd5 exd5 10. Re1 Be7 11. Qf3 O-O 12. Nxd5 Nxd5 13. Qxd5 Nb4 14. Qc4
Bd6 15. Qxc7 Bxc7 16. Be4 f5 17. Bf3 Rb8 18. c3 Nc6 19. Bd5+ Kh8 20. Bxc6 bxc6
21. Nxc6 Rxb2 22. Bc5 Rg8 23. Re7 1-0

[Event "XXXII Memorial Edoardo Crespi B"]
[Site "Milano ITA"]
[Date "2011.12.09"]
[Round "4"]
[White "Brigatti, Lorenzo"]
[Black "Falchi, Claudio"]
[Result "1-0"]
[WhiteElo "1863"]
[BlackElo "1784"]
[PlyCount "89"]
[EventDate "2011.12.07"]

1. d4 e6 2. Nf3 f5 3. c4 Nf6 4. e3 d5 5. Bd3 c6 6. a3 Bd6 7. Nc3 O-O 8. Qc2 Ne4
9. Bd2 Nd7 10. h4 Ndf6 11. Ng5 Ng4 12. Nd1 h6 13. Nf3 Qc7 14. Bb4 c5 15. dxc5
Nxc5 16. Bxc5 Qxc5 17. b4 Qc7 18. Nc3 dxc4 19. Nb5 Qe7 20. Bxc4 Ne5 21. Nxd6
Nxf3+ 22. gxf3 Qxd6 23. Rd1 Qe7 24. Qb3 Kf7 25. Rg1 Bd7 26. Qc3 Kg8 27. Qe5
Rad8 28. Qc7 Rfe8 29. Qxb7 a5 30. Qc7 axb4 31. axb4 Qxb4+ 32. Kf1 Qe7 33. Qe5
Bc8 34. Rxd8 Rxd8 35. Rg6 Qf7 36. Rxe6 Rd1+ 37. Ke2 Ba6 38. Re8+ Kh7 39. Kxd1
Bxc4 40. Re7 Qg6 41. Kd2 Bb3 42. h5 Qg5 43. Rc7 Qd8+ 44. Kc3 Qd5 45. Qxg7# 1-0

[Event "XXXII Memorial Edoardo Crespi B"]
[Site "Milano ITA"]
[Date "2011.12.09"]
[Round "4"]
[White "Cavalleri, Giuseppe"]
[Black "Giallombardo, Federico"]
[Result "0-1"]
[WhiteElo "1812"]
[BlackElo "1906"]
[PlyCount "94"]
[EventDate "2011.12.07"]

1. d4 d6 2. c4 Nf6 3. Nc3 c6 4. e4 g6 5. Nf3 Bg7 6. Be2 Qc7 7. h3 Nbd7 8. Be3
e5 9. d5 O-O 10. O-O a6 11. Rc1 c5 12. a4 b6 13. Qd2 Kh8 14. Bh6 Nh5 15. Kh2
Ndf6 16. Be3 Ng8 17. g4 Nhf6 18. Nh4 Qe7 19. g5 Ne8 20. Rg1 f5 21. exf5 Bxf5
22. Nxf5 gxf5 23. f4 Ra7 24. h4 Qf7 25. Qd1 Ne7 26. h5 Rg8 27. Qf1 exf4 28.
Bxf4 Be5 29. Bxe5+ dxe5 30. Qh3 Nd6 31. Rcf1 Qg7 32. Qh4 e4 33. Qf4 Rd7 34. Rd1
Re8 35. Rg2 Ng8 36. h6 Qe5 37. Qxe5+ Rxe5 38. a5 bxa5 39. Ra1 Nb7 40. Na4 Ne7
41. Ra3 Ng6 42. Nb6 Rd8 43. Rf2 f4 44. Bg4 Rxg5 45. Be6 Ne5 46. Bc8 Nf3+ 47.
Kh3 Rg3# 0-1

[Event "XXXII Memorial Edoardo Crespi B"]
[Site "Milano ITA"]
[Date "2011.12.09"]
[Round "4"]
[White "Ciciotti, Augusto"]
[Black "Sala, Giovanni"]
[Result "1/2-1/2"]
[WhiteElo "1917"]
[BlackElo "1985"]
[PlyCount "49"]
[EventDate "2011.12.07"]

1. d4 f5 2. g3 Nf6 3. Bg2 e6 4. Nf3 d5 5. O-O Bd6 6. c4 c6 7. b3 Qe7 8. Bb2 O-O
9. Qc1 b6 10. Ba3 Bxa3 11. Nxa3 Bb7 12. Qb2 Nbd7 13. Rac1 Rfe8 14. Nc2 dxc4 15.
bxc4 c5 16. Rfd1 Rad8 17. e3 Ne4 18. Qa3 a6 19. Qb3 Qd6 20. Nce1 Qc7 21. Nd3
Nd6 22. Nde5 Nxe5 23. Nxe5 Bxg2 24. Kxg2 Nf7 25. Nxf7 1/2-1/2

[Event "XXXII Memorial Edoardo Crespi B"]
[Site "Milano ITA"]
[Date "2011.12.09"]
[Round "4"]
[White "Coppola, Federico"]
[Black "Papa, Angelo"]
[Result "1-0"]
[WhiteElo "1858"]
[BlackElo "1850"]
[PlyCount "65"]
[EventDate "2011.12.07"]

1. e4 g6 2. d4 Bg7 3. Nc3 c6 4. f4 d5 5. e5 Nh6 6. Nf3 O-O 7. Be2 Bg4 8. Be3 f6
9. Qd2 Nf5 10. Bf2 e6 11. O-O Bxf3 12. Bxf3 fxe5 13. dxe5 Nd7 14. Rad1 Bh6 15.
g3 Nxe5 16. Bg2 Qd7 17. Qe2 Nf7 18. Ne4 Bg7 19. Nc5 Qe7 20. Qxe6 Qd6 21. Qxd6
N7xd6 22. Ne6 Rf6 23. Nxg7 Nxg7 24. Rfe1 Re6 25. Rxe6 Nxe6 26. Re1 Kf7 27. Re2
b6 28. Be1 Re8 29. Kf2 Nc7 30. b3 Rxe2+ 31. Kxe2 c5 32. Kd3 Ne6 33. Bxd5 1-0

[Event "XXXII Memorial Edoardo Crespi B"]
[Site "Milano ITA"]
[Date "2011.12.09"]
[Round "4"]
[White "Dobboletta, Alex"]
[Black "Ferrari, Claudio"]
[Result "1-0"]
[WhiteElo "1939"]
[BlackElo "1879"]
[PlyCount "107"]
[EventDate "2011.12.07"]

1. e4 e5 2. Nf3 Nc6 3. Bb5 a6 4. Ba4 Nf6 5. d3 b5 6. Bb3 Bb7 7. O-O Bc5 8. a4
d6 9. Bg5 h6 10. Bh4 O-O 11. axb5 axb5 12. Rxa8 Bxa8 13. Nc3 b4 14. Nd5 g5 15.
Nxg5 Nxd5 16. exd5 hxg5 17. Qg4 Qf6 18. dxc6 Bxc6 19. Bxg5 Qg6 20. h4 Kh8 21.
h5 f5 22. hxg6 fxg4 23. Bh6 Ra8 24. g7+ Kh7 25. g8=Q+ Rxg8 26. Bxg8+ Kxh6 27.
Kh2 Kg5 28. Kg3 d5 29. Be6 Bd6 30. Bxg4 e4+ 31. Kh3 exd3 32. cxd3 Bb5 33. Be2
Bd7+ 34. g4 Be5 35. b3 Bd6 36. Ra1 Bc6 37. Ra6 Bb7 38. Ra5 Kf4 39. Kh4 Bc6 40.
g5 Be7 41. Kh3 Bxg5 42. Rc5 Bd7+ 43. Kg2 c6 44. Ra5 Ke5 45. Ra4 Bd2 46. Ra7 Be6
47. Re7 Kd6 48. Rh7 Bf5 49. Rh5 Be6 50. Kg3 Bf7 51. Rh7 Be6 52. f4 d4 53. Rh6
Kd7 54. Bg4 1-0

[Event "XXXII Memorial Edoardo Crespi B"]
[Site "Milano ITA"]
[Date "2011.12.09"]
[Round "4"]
[White "Falconieri, Goffredo"]
[Black "Fornasir, Carlo Gustavo"]
[Result "0-1"]
[WhiteElo "1789"]
[BlackElo "1868"]
[PlyCount "62"]
[EventDate "2011.12.07"]

1. d4 Nf6 2. Nf3 g6 3. c4 Bg7 4. Nc3 d6 5. e4 O-O 6. Be2 e5 7. d5 a5 8. a4 Na6
9. O-O Nc5 10. Qc2 Ne8 11. Be3 f5 12. Bxc5 dxc5 13. exf5 Bxf5 14. Ne4 Nd6 15.
Nfd2 Qh4 16. Bd3 b6 17. Nxd6 cxd6 18. Ne4 Bxe4 19. Bxe4 Rf4 20. Rae1 Raf8 21.
b3 Rg4 22. Re3 Bh6 23. Re2 Bf4 24. g3 Qh6 25. Bg2 Bg5 26. Re4 Rxe4 27. Qxe4 Bd2
28. Qd3 Bc1 29. f4 exf4 30. Rxc1 fxg3 31. hxg3 Qxc1+ 0-1

[Event "XXXII Memorial Edoardo Crespi B"]
[Site "Milano ITA"]
[Date "2011.12.09"]
[Round "4"]
[White "Forno, Roberto"]
[Black "Manansala, Eduardo"]
[Result "0-1"]
[WhiteElo "1911"]
[BlackElo "1912"]
[PlyCount "68"]
[EventDate "2011.12.07"]

1. d4 Nf6 2. Nf3 e6 3. Bg5 h6 4. Bh4 g5 5. Bg3 Ne4 6. Be5 f6 7. Qd3 d5 8. Bg3
Qe7 9. c3 Bg7 10. Nbd2 Nxg3 11. hxg3 Bd7 12. O-O-O Nc6 13. e4 O-O-O 14. Nb3
dxe4 15. Qxe4 f5 16. Qc2 Kb8 17. Nc5 Bc8 18. Bb5 Qd6 19. Rhe1 e5 20. Bxc6 Qxc6
21. Nxe5 Bxe5 22. Rxe5 b6 23. Nd3 Qxg2 24. Rde1 h5 25. Re7 h4 26. gxh4 gxh4 27.
Qa4 h3 28. Nb4 Bb7 29. Re8 h2 30. Rxh8 Rxh8 31. Re8+ Rxe8 32. Qxe8+ Bc8 33. d5
h1=Q+ 34. Kc2 Qe4+ 0-1

[Event "XXXII Memorial Edoardo Crespi B"]
[Site "Milano ITA"]
[Date "2011.12.09"]
[Round "4"]
[White "Guzzetti, Luigi Enrico"]
[Black "Marinc, Damir"]
[Result "0-1"]
[WhiteElo "1928"]
[BlackElo "2003"]
[PlyCount "100"]
[EventDate "2011.12.07"]

1. e4 e6 2. d4 d5 3. e5 c5 4. c3 Qb6 5. Nf3 Nc6 6. Be2 cxd4 7. cxd4 Bd7 8. O-O
Nge7 9. Nc3 Nf5 10. Na4 Qa5 11. b3 Be7 12. g4 Nh6 13. h3 Ng8 14. a3 Qc7 15. b4
b6 16. Bd2 a6 17. Qb3 b5 18. Nb2 Qb6 19. Be3 Qb8 20. Nd3 h6 21. Rfc1 Bf8 22.
Nc5 Bxc5 23. Rxc5 Nge7 24. Qc2 Qb7 25. Rc1 h5 26. Kg2 Rc8 27. Bd3 hxg4 28. hxg4
Nb8 29. Qd2 Rxc5 30. Rxc5 Nbc6 31. Bg5 Nc8 32. Qe2 Nb6 33. Rc3 Nc4 34. Be3 Ne7
35. Kg1 f6 36. Bf4 Kf7 37. g5 f5 38. Qf1 Ng6 39. Bg3 Rc8 40. Qg2 Ne3 41. fxe3
Rxc3 42. Qd2 Qc8 43. Be1 Rc1 44. Qe2 Ra1 45. Kg2 Qc1 46. Kf2 Rxa3 47. Bd2 Qh1
48. Be1 Nh4 49. Nxh4 Qxh4+ 50. Kg1 Qxg5+ 0-1

[Event "XXXII Memorial Edoardo Crespi B"]
[Site "Milano ITA"]
[Date "2011.12.09"]
[Round "4"]
[White "Kimbin, Richard Conrod"]
[Black "Silari, Andrea"]
[Result "1-0"]
[WhiteElo "1937"]
[BlackElo "1784"]
[PlyCount "35"]
[EventDate "2011.12.07"]

1. Nf3 Nf6 2. g3 g6 3. Bg2 Bg7 4. c3 c5 5. d4 cxd4 6. cxd4 d5 7. Nc3 O-O 8. O-O
a6 9. Bf4 Nh5 10. Be3 b5 11. Qb3 e6 12. a4 bxa4 13. Qxa4 Qb6 14. Rfc1 Bd7 15.
Qa3 Rc8 16. Na4 Rxc1+ 17. Rxc1 Bxa4 18. Rc8+ 1-0

[Event "XXXII Memorial Edoardo Crespi B"]
[Site "Milano ITA"]
[Date "2011.12.09"]
[Round "4"]
[White "Lanni, Vincenzo"]
[Black "Grigioni, Giulio"]
[Result "0-1"]
[WhiteElo "1766"]
[BlackElo "1896"]
[PlyCount "70"]
[EventDate "2011.12.07"]

1. d4 e6 2. g3 d5 3. Bg2 c5 4. c3 Nc6 5. Nf3 Nf6 6. O-O cxd4 7. Nxd4 e5 8. Nxc6
bxc6 9. c4 Be7 10. b4 Bxb4 11. Qa4 Qb6 12. Be3 Bc5 13. Bxc5 Qxc5 14. Nd2 O-O
15. cxd5 cxd5 16. Rfc1 Qe7 17. Qa5 Be6 18. e4 Rfd8 19. Rc7 Rd7 20. Rac1 Rxc7
21. Rxc7 Qd8 22. Qc5 dxe4 23. Rxa7 Rc8 24. Qa5 Qd5 25. h3 h5 26. Nf1 Rc1 27.
Kh2 Qd4 28. Ra8+ Kh7 29. Rd8 Qxf2 30. Rd2 Qc5 31. Qxc5 Rxc5 32. Re2 Ra5 33.
Bxe4+ Nxe4 34. Rxe4 Rxa2+ 35. Kg1 Bd5 0-1

[Event "XXXII Memorial Edoardo Crespi B"]
[Site "Milano ITA"]
[Date "2011.12.09"]
[Round "4"]
[White "Mansueti, Marco"]
[Black "Ganci, Stefano"]
[Result "1/2-1/2"]
[WhiteElo "1852"]
[BlackElo "1920"]
[PlyCount "141"]
[EventDate "2011.12.07"]

1. d4 c5 2. Nf3 cxd4 3. Nxd4 d5 4. Nc3 Nf6 5. Bg5 Nbd7 6. e3 e6 7. a3 Be7 8.
Bb5 a6 9. Ba4 O-O 10. Bxd7 Bxd7 11. O-O Qc7 12. e4 dxe4 13. Nxe4 Nxe4 14. Bxe7
Rfe8 15. Bh4 e5 16. Nb3 Bc6 17. f3 Nd6 18. Re1 Nf5 19. Bf2 Rad8 20. Qc1 Qe7 21.
c3 Qf6 22. Nc5 Nd6 23. Qc2 Nc4 24. Rad1 Rxd1 25. Rxd1 Qf4 26. Qe2 b5 27. Nxa6
e4 28. fxe4 Bxe4 29. Nc5 f5 30. Nxe4 Qxe4 31. Qxe4 Rxe4 32. Rd5 Nxb2 33. Rxb5
Nd1 34. Rxf5 Nxc3 35. Bc5 h6 36. Kf2 Nb5 37. Bb4 Nd4 38. Rd5 Nc2 39. Bc5 Ra4
40. Rd3 Rf4+ 41. Ke2 Re4+ 42. Kd2 Ne1 43. Re3 Rc4 44. Rxe1 Rxc5 45. a4 Kf7 46.
Kd3 Ra5 47. Re4 Kf6 48. Rb4 Ke6 49. Kc4 Kd6 50. Kb3 Rg5 51. Rb6+ Kc7 52. Rb4
Rxg2 53. Rh4 Kb6 54. Rh5 Rg4 55. Rb5+ Ka6 56. Rh5 Rg2 57. Kb4 Rb2+ 58. Kc4 Rb8
59. Kc3 Rb6 60. Kc4 g5 61. Rh3 Ka5 62. Kd5 Kxa4 63. Ke5 Kb4 64. Kf5 Kc4 65. Rg3
Kd4 66. h4 Rb5+ 67. Kg4 Ke4 68. Rh3 gxh4 69. Rxh4 Rg5+ 70. Kh3+ Kf3 71. Rxh6
1/2-1/2

[Event "XXXII Memorial Edoardo Crespi B"]
[Site "Milano ITA"]
[Date "2011.12.09"]
[Round "4"]
[White "Marchini, Daniele"]
[Black "Rechi Montes, Xavier"]
[Result "1-0"]
[WhiteElo "1813"]
[BlackElo "1900"]
[PlyCount "75"]
[EventDate "2011.12.07"]

1. d4 Nf6 2. c4 g6 3. Nc3 Bg7 4. e4 d6 5. Nf3 O-O 6. Be2 e5 7. Be3 Nc6 8. d5
Ne7 9. Nd2 Nd7 10. b4 f5 11. f3 Nf6 12. O-O f4 13. Bf2 g5 14. c5 h5 15. h3 Rf7
16. cxd6 cxd6 17. Nc4 Bf8 18. Nxd6 Qxd6 19. Bc5 Qd8 20. d6 Nc6 21. Bc4 b6 22.
Qb3 Qd7 23. Bf2 Nd4 24. Bxd4 exd4 25. e5 dxc3 26. Rfe1 b5 27. Bxf7+ Qxf7 28. e6
Bxe6 29. Rxe6 Kh8 30. Rae1 Rc8 31. Qc2 Rc6 32. Re7 Bxe7 33. Rxe7 Qg8 34. d7 Rd6
35. Qxc3 Rd1+ 36. Kh2 Qf8 37. Re8 Rxd7 38. Qxf6+ 1-0

[Event "XXXII Memorial Edoardo Crespi B"]
[Site "Milano ITA"]
[Date "2011.12.09"]
[Round "4"]
[White "Mondal, Prince"]
[Black "Olivo, Mario"]
[Result "0-1"]
[WhiteElo "1786"]
[BlackElo "1860"]
[PlyCount "152"]
[EventDate "2011.12.07"]

1. e4 c5 2. c3 d5 3. exd5 Qxd5 4. d4 e6 5. Nf3 Nc6 6. Be2 Nf6 7. O-O Be7 8. Be3
cxd4 9. cxd4 O-O 10. Nc3 Qd8 11. Qd2 a6 12. Rac1 Qa5 13. Rfd1 Rd8 14. Qc2 Nb4
15. Qb3 b5 16. a3 Nbd5 17. Nxd5 Nxd5 18. Bd2 Qb6 19. Rc2 Bb7 20. Rdc1 Rac8 21.
a4 Rxc2 22. Rxc2 b4 23. Be3 Qa5 24. Ne5 Qb6 25. Nc4 Qa7 26. Na5 Nxe3 27. fxe3
Bd5 28. Bc4 Be4 29. Bd3 Bd5 30. Bc4 Qb6 31. Bxd5 Qxa5 32. Be4 Qh5 33. Bf3 Qh4
34. g3 Qg5 35. Qd3 a5 36. b3 h5 37. Qe4 h4 38. Kg2 hxg3 39. hxg3 Bd6 40. Bg4
Re8 41. Qc6 Rd8 42. Qe4 Kf8 43. Qf3 f5 44. Bh3 Qf6 45. Rf2 g5 46. Bxf5 exf5 47.
Qxf5 Qxf5 48. Rxf5+ Ke8 49. Rxg5 Bc7 50. Rg8+ Ke7 51. Rxd8 Kxd8 52. Kf3 Ke7 53.
g4 Bb6 54. Ke4 Kd6 55. d5 Bd8 56. Kf5 Kxd5 57. e4+ Kd6 58. e5+ Ke7 59. g5 Kf7
60. e6+ Kg7 61. Ke5 Be7 62. Kf5 Kh7 63. Ke5 Kg6 64. Kd5 Kxg5 65. Ke5 Kg6 66.
Kd5 Kf5 67. Kd4 Kxe6 68. Kd3 Kd5 69. Ke3 Bc5+ 70. Ke2 Ke4 71. Kd2 Be3+ 72. Ke2
Bg5 73. Kd1 Kd3 74. Ke1 Kc2 75. Ke2 Kxb3 76. Kd3 Bh4 0-1

[Event "XXXII Memorial Edoardo Crespi B"]
[Site "Milano ITA"]
[Date "2011.12.09"]
[Round "4"]
[White "Montilli, Vincenzo"]
[Black "Beltrami, Francesco"]
[Result "1/2-1/2"]
[WhiteElo "1777"]
[BlackElo "1857"]
[PlyCount "65"]
[EventDate "2011.12.07"]

1. d4 Nf6 2. c4 e6 3. Nc3 Bb4 4. Qc2 c5 5. e3 O-O 6. a3 Bxc3+ 7. Qxc3 cxd4 8.
exd4 Ne4 9. Qc2 d5 10. Bd3 Nc6 11. Nf3 Qa5+ 12. Ke2 Nb4 13. Qb3 Nxd3 14. Qxd3
Qa6 15. b3 Bd7 16. Bb2 Rac8 17. Ne5 Be8 18. Rac1 f6 19. f3 fxe5 20. fxe4 Bg6
21. dxe5 Bxe4 22. Qd4 dxc4 23. bxc4 Bd5 24. Ke3 Bxg2 25. Rhg1 Rcd8 26. Qc5 Qc6
27. Qxc6 Bxc6 28. Rcf1 Ba4 29. Bd4 a6 30. Bc5 Rxf1 31. Rxf1 Bc6 32. Bd6 h6 33.
Kd4 1/2-1/2

[Event "XXXII Memorial Edoardo Crespi B"]
[Site "Milano ITA"]
[Date "2011.12.09"]
[Round "4"]
[White "Moroni, Luca"]
[Black "Bossoni, Mario"]
[Result "1-0"]
[WhiteElo "1847"]
[BlackElo "1952"]
[PlyCount "63"]
[EventDate "2011.12.07"]

1. Nf3 d5 2. d4 Nf6 3. c3 Bf5 4. Bf4 e6 5. h3 Bd6 6. Bxd6 Qxd6 7. e3 Nbd7 8.
Bd3 Bg6 9. Bc2 O-O 10. Nbd2 c5 11. O-O Rac8 12. Rc1 Qa6 13. Bxg6 hxg6 14. a3 c4
15. Re1 b5 16. e4 dxe4 17. Nxe4 Nxe4 18. Rxe4 Nf6 19. Rh4 Rfd8 20. Qd2 Qc6 21.
Qg5 Qd5 22. Ne5 a5 23. Re1 b4 24. axb4 axb4 25. Re3 Ra8 26. Rf3 Nh7 27. Rxh7
Kxh7 28. Rxf7 Qe4 29. Rf4 Qb1+ 30. Kh2 Rf8 31. Rh4+ Kg8 32. Nxg6 1-0

[Event "XXXII Memorial Edoardo Crespi B"]
[Site "Milano ITA"]
[Date "2011.12.09"]
[Round "4"]
[White "Motola, Jacopo"]
[Black "Brociner, Beniamino"]
[Result "1/2-1/2"]
[WhiteElo "1903"]
[BlackElo "1941"]
[PlyCount "114"]
[EventDate "2011.12.07"]

1. e4 c5 2. Nc3 a6 3. Nf3 d6 4. d4 cxd4 5. Nxd4 Nf6 6. Bc4 e6 7. Bb3 Nc6 8. Be3
Qc7 9. f3 Bd7 10. a3 b5 11. Nxc6 Bxc6 12. Qd4 Nd7 13. a4 bxa4 14. Bxa4 Nc5 15.
Bxc6+ Qxc6 16. Na4 Rb8 17. b3 Nd7 18. Ra2 Rb5 19. O-O d5 20. exd5 Rxd5 21. Qc4
Qb7 22. Rfa1 Ne5 23. Qe2 Nc6 24. Nc3 Rc5 25. Bxc5 Bxc5+ 26. Kh1 Nb4 27. Rxa6
Nxa6 28. Qxa6 Qxa6 29. Rxa6 Ke7 30. Ne4 Rd8 31. Ra1 Be3 32. c4 f5 33. Ng3 Rd3
34. Rb1 Kd6 35. Nf1 Bg5 36. b4 Kc6 37. g3 e5 38. h4 Bf6 39. Kg2 Rc3 40. c5 Kb5
41. Kf2 f4 42. h5 Rc4 43. Ke2 Rxb4 44. Rxb4+ Kxb4 45. gxf4 exf4 46. Kd3 Kxc5
47. Ke4 Bg5 48. Kf5 Bh6 49. Nh2 g6+ 50. hxg6 hxg6+ 51. Kxg6 Bf8 52. Kf5 Bd6 53.
Ke4 Kc6 54. Ng4 Kd7 55. Ne5+ Ke6 56. Ng6 Kf6 57. Nxf4 Bb8 1/2-1/2

[Event "XXXII Memorial Edoardo Crespi B"]
[Site "Milano ITA"]
[Date "2011.12.09"]
[Round "4"]
[White "Palmieri, Giovanni"]
[Black "Montoli, Marco"]
[Result "0-1"]
[WhiteElo "1802"]
[BlackElo "1929"]
[PlyCount "128"]
[EventDate "2011.12.07"]

1. e4 c5 2. Nf3 e6 3. d4 cxd4 4. Nxd4 Nc6 5. Nc3 Qc7 6. Be3 a6 7. f3 Nf6 8. Qd2
Bb4 9. a3 Be7 10. O-O-O O-O 11. g4 b5 12. Na2 Rb8 13. h4 Ne5 14. h5 Nc4 15.
Bxc4 Qxc4 16. Nb3 d6 17. g5 Nd7 18. g6 Ne5 19. gxh7+ Kh8 20. Qg2 Bf6 21. Bd4
Bb7 22. f4 Rbc8 23. Nc3 Nd7 24. Bxf6 Nxf6 25. Rdg1 Ne8 26. h6 g6 27. Nd2 Qc7
28. Nf3 Qe7 29. Qd2 a5 30. Qd4+ Qf6 31. Qxf6+ Nxf6 32. Ng5 b4 33. axb4 axb4 34.
Nb5 Nxe4 35. Nxe4 Bxe4 36. Rh2 Rfd8 37. Rd1 d5 38. Nd4 Kxh7 39. Rf1 Rc4 40. Nf3
Bxf3 41. Rxf3 Rdc8 42. b3 Rc3 43. Rxc3 Rxc3 44. Rd2 Rc6 45. Rh2 f6 46. Rh3 e5
47. fxe5 fxe5 48. Rh4 e4 49. Rh3 g5 50. Rh5 Rg6 51. Kd2 d4 52. Ke2 g4 53. Kf2
Rc6 54. Kg3 Rxc2 55. Kxg4 e3 56. Re5 Kxh6 57. Kf3 Kg6 58. Re4 Rd2 59. Re5 Kf6
60. Re4 Kf5 61. Re8 Rf2+ 62. Kg3 Rb2 63. Rd8 Ke4 64. Re8+ Kd3 0-1

[Event "XXXII Memorial Edoardo Crespi B"]
[Site "Milano ITA"]
[Date "2011.12.09"]
[Round "4"]
[White "Pandini, Giuseppe"]
[Black "Alidosi, Marco"]
[Result "1-0"]
[WhiteElo "1785"]
[BlackElo "1817"]
[PlyCount "73"]
[EventDate "2011.12.07"]

1. f4 d5 2. Nf3 Bg4 3. e3 g6 4. Be2 Bg7 5. d4 Nf6 6. O-O O-O 7. b3 Nbd7 8. Nbd2
Rc8 9. Ne5 Bxe2 10. Qxe2 c5 11. c3 cxd4 12. cxd4 Qa5 13. Nb1 Nxe5 14. fxe5 Ne4
15. Bb2 Rc7 16. Na3 a6 17. Rfc1 Rfc8 18. Rxc7 Qxc7 19. g3 Qa5 20. Qe1 Qb6 21.
Rc1 Rc6 22. Nb1 Qc7 23. Nc3 Ng5 24. Kf2 Qd7 25. Qf1 f6 26. Qg2 Qf5+ 27. Ke2
Qg4+ 28. Kd3 e6 29. exf6 Bxf6 30. Rf1 Kg7 31. Rf4 Rxc3+ 32. Bxc3 Qd1+ 33. Qd2
Qb1+ 34. Qc2 Qg1 35. Bb4 Ne4 36. Qc7+ Kh6 37. Bf8+ 1-0

[Event "XXXII Memorial Edoardo Crespi B"]
[Site "Milano ITA"]
[Date "2011.12.09"]
[Round "4"]
[White "Pelizzola, Danilo"]
[Black "Saffioti, Cristian"]
[Result "0-1"]
[WhiteElo "1978"]
[BlackElo "1916"]
[PlyCount "76"]
[EventDate "2011.12.07"]

1. e4 d6 2. Nf3 Nd7 3. g3 Ngf6 4. d3 e5 5. Bg2 Be7 6. Nbd2 O-O 7. O-O c6 8. Re1
Qc7 9. b3 d5 10. Bb2 Bd6 11. c3 Re8 12. Qc2 dxe4 13. dxe4 b6 14. Rad1 Ba6 15.
a3 Rad8 16. c4 Nf8 17. Nf1 Ne6 18. Ne3 g6 19. b4 Bb7 20. Qb1 a5 21. Bc3 c5 22.
Nd5 Nxd5 23. exd5 Nd4 24. b5 Bc8 25. Nd2 f5 26. Qb2 Qg7 27. Nf3 g5 28. h4 gxh4
29. Nxh4 Qg4 30. Bxd4 exd4 31. Bf3 Qg5 32. Qc1 Qg7 33. Ng2 f4 34. gxf4 Rf8 35.
Kf1 Qh6 36. Ke2 Rde8+ 37. Kd3 Bf5+ 38. Be4 Qh3+ 0-1

[Event "XXXII Memorial Edoardo Crespi B"]
[Site "Milano ITA"]
[Date "2011.12.09"]
[Round "4"]
[White "Petrone, Gianmario"]
[Black "Saffioti, Massimo"]
[Result "1-0"]
[WhiteElo "1937"]
[BlackElo "1869"]
[PlyCount "41"]
[EventDate "2011.12.07"]

1. e4 c5 2. Nf3 d6 3. d4 cxd4 4. Nxd4 Nf6 5. Nc3 Nc6 6. Bc4 e6 7. Be3 Be7 8.
Qe2 O-O 9. O-O-O a6 10. g4 Nxd4 11. Bxd4 b5 12. Bb3 Qc7 13. g5 Nd7 14. Qh5 Nc5
15. Rhg1 Nxb3+ 16. axb3 e5 17. Nd5 Qd8 18. Bb6 Qe8 19. Nf6+ gxf6 20. gxf6+ Kh8
21. Rg7 1-0

[Event "XXXII Memorial Edoardo Crespi B"]
[Site "Milano ITA"]
[Date "2011.12.09"]
[Round "4"]
[White "Piantoni, Pierino"]
[Black "Olivieri, Alessandro"]
[Result "0-1"]
[WhiteElo "1932"]
[BlackElo "1936"]
[PlyCount "46"]
[EventDate "2011.12.07"]

1. Nf3 Nf6 2. g3 g6 3. Bg2 Bg7 4. O-O O-O 5. d3 d6 6. e4 c5 7. Nc3 Nc6 8. h3
Bd7 9. Be3 Rb8 10. Qd2 Re8 11. Ne2 h5 12. c3 b5 13. Ng5 Nh7 14. Nxh7 Kxh7 15.
d4 cxd4 16. Nxd4 Qa5 17. a3 Ne5 18. b3 Rec8 19. Rfc1 Qc7 20. Ra2 a5 21. Rac2 a4
22. Bf1 axb3 23. Nxb3 Nf3+ 0-1

[Event "XXXII Memorial Edoardo Crespi B"]
[Site "Milano ITA"]
[Date "2011.12.09"]
[Round "4"]
[White "Popovich, Fabio"]
[Black "Bisignano, Giuseppe"]
[Result "0-1"]
[WhiteElo "1847"]
[BlackElo "1908"]
[PlyCount "94"]
[EventDate "2011.12.07"]

1. e4 e5 2. Bc4 Nf6 3. d3 d5 4. exd5 Nxd5 5. Nf3 Nc6 6. h3 Bc5 7. Bg5 f6 8. Bh4
Be6 9. Nbd2 Qe7 10. Qe2 Nf4 11. Qf1 O-O-O 12. O-O-O Bb6 13. Bxe6+ Qxe6 14. Nb3
Nb4 15. a3 Nbxd3+ 16. Kb1 e4 17. Nfd2 Qe5 18. cxd3 Nxd3 19. Nc4 Qb5 20. Nxb6+
Qxb6 21. Ka2 Rd5 22. Qe2 Rb5 23. Qc2 a5 24. Qc4 Re8 25. Bg3 Rc5 26. Qa4 Re6 27.
Rd2 Rb5 28. Qc4 Re7 29. Rc2 Kb8 30. Rb1 Ka7 31. Nd2 Nb4+ 32. axb4 Rxb4 33. Qc5
Ra4+ 34. Qa3 Qd4 35. Nc4 Rxa3+ 36. bxa3 Qd3 37. Ne3 c6 38. Rd1 Qb5 39. Bd6 Re8
40. Rc5 Qa6 41. Bc7 Qe2+ 42. Rc2 Qb5 43. Bd6 Rc8 44. Bc5+ b6 45. Rd7+ Ka6 46.
Bd4 c5 47. Rxg7 Qe8 0-1

[Event "XXXII Memorial Edoardo Crespi B"]
[Site "Milano ITA"]
[Date "2011.12.09"]
[Round "4"]
[White "Ranfagni, Stefano"]
[Black "Cattaneo, Marco"]
[Result "1/2-1/2"]
[WhiteElo "1998"]
[BlackElo "1973"]
[PlyCount "63"]
[EventDate "2011.12.07"]

1. c4 Nf6 2. Nc3 g6 3. g3 Bg7 4. Bg2 O-O 5. d3 d6 6. e4 c5 7. Nge2 Nc6 8. O-O
a6 9. h3 Rb8 10. f4 Bd7 11. Kh2 Ne8 12. f5 Nc7 13. Be3 b5 14. Qd2 Ne5 15. b3 b4
16. Nd5 Nxd5 17. cxd5 Bb5 18. d4 cxd4 19. Bxd4 Rc8 20. Rac1 Qd7 21. fxg6 hxg6
22. Rxc8 Rxc8 23. Rc1 Bxe2 24. Rxc8+ Qxc8 25. Qxe2 Ng4+ 26. Qxg4 Qxg4 27. hxg4
Bxd4 28. Bf1 a5 29. Kg2 Kg7 30. Kf3 Kf6 31. Bb5 g5 32. Be8 1/2-1/2

[Event "XXXII Memorial Edoardo Crespi B"]
[Site "Milano ITA"]
[Date "2011.12.09"]
[Round "4"]
[White "Riboldi, Raffaele"]
[Black "Scagliotti, Guglielmo"]
[Result "1-0"]
[WhiteElo "1887"]
[BlackElo "1777"]
[PlyCount "61"]
[EventDate "2011.12.07"]

1. d4 f5 2. c4 g6 3. Nf3 Bg7 4. g3 Nf6 5. Bg2 O-O 6. Nc3 d6 7. O-O c6 8. Re1
Ne4 9. Qc2 d5 10. cxd5 cxd5 11. e3 Qc7 12. Qb3 Nxc3 13. bxc3 e6 14. Ba3 Re8 15.
Rac1 Nc6 16. Nd2 Qa5 17. Rc2 b5 18. f3 Bb7 19. e4 Kh8 20. Bc5 Qa6 21. Bf1 Qa5
22. Qxb5 Qc7 23. e5 a6 24. Qb3 Bf8 25. Qa3 a5 26. Bxf8 Rxf8 27. Rb2 f4 28. g4
h5 29. h3 Ba6 30. Bxa6 Rxa6 31. Qxf8+ 1-0

[Event "XXXII Memorial Edoardo Crespi B"]
[Site "Milano ITA"]
[Date "2011.12.09"]
[Round "4"]
[White "Rossi, Giampiero"]
[Black "Lanzani, Giuliano"]
[Result "0-1"]
[WhiteElo "1910"]
[BlackElo "1953"]
[PlyCount "44"]
[EventDate "2011.12.07"]

1. d4 Nf6 2. c4 d6 3. Nc3 e5 4. g3 exd4 5. Qxd4 Nc6 6. Qd2 Be6 7. b3 d5 8. cxd5
Nxd5 9. Bg2 Nxc3 10. Qxc3 Bd5 11. Qe3+ Be7 12. Nf3 O-O 13. Bb2 Bb4+ 14. Bc3 Qf6
15. O-O-O Bxc3 16. Rxd5 Nb4 17. Rc5 Rfe8 18. Qg5 Rxe2 19. Qxf6 Bxf6 20. Rxc7
Rxf2 21. Ne1 Nxa2+ 22. Kb1 Rb2+ 0-1

[Event "XXXII Memorial Edoardo Crespi B"]
[Site "Milano ITA"]
[Date "2011.12.09"]
[Round "4"]
[White "Santini, Alberto"]
[Black "Roversi, Stefano"]
[Result "1/2-1/2"]
[WhiteElo "1872"]
[BlackElo "1836"]
[PlyCount "79"]
[EventDate "2011.12.07"]

1. d4 Nf6 2. c4 g6 3. Nc3 Bg7 4. Nf3 d6 5. Bf4 O-O 6. h3 c5 7. e3 cxd4 8. exd4
Nc6 9. Be2 Nxd4 10. Qxd4 e5 11. Nxe5 dxe5 12. Qxd8 Rxd8 13. Bxe5 Bf5 14. Rd1
Re8 15. f4 Ne4 16. Bxg7 Kxg7 17. Nxe4 Rxe4 18. g3 Rae8 19. Rd2 Rxc4 20. Kf2 Rc7
21. Bf3 Be4 22. Re1 f5 23. Bxe4 fxe4 24. Ke3 Rec8 25. Ree2 Re7 26. Rd4 Rce8 27.
Red2 Kf6 28. Rd6+ Re6 29. Rxe6+ Rxe6 30. Rd4 Rb6 31. b3 g5 32. fxg5+ Kxg5 33.
Rxe4 Ra6 34. a4 Rb6 35. b4 Kf5 36. Rh4 h6 37. Rh5+ Kg6 38. Rb5 Re6+ 39. Kf4 b6
40. Re5 1/2-1/2